| 000 | 00639nam a2200193 i 4500 | ||
|---|---|---|---|
| 001 | 188287 | ||
| 003 | ES-MaACL | ||
| 005 | 20250822063239.0 | ||
| 008 | 180720s1948 fr |||| | fre d | ||
| 100 | 1 |
_aCalmette, Joseph, _d1873-1952 _933767 |
|
| 245 | 1 | 3 |
_aLe réveil capétien / _cJoseph Calmette. |
| 260 |
_aParis : _bHachette, _c1948. |
||
| 300 |
_a270 p. ; _c18 cm. |
||
| 490 | 1 | _aDe l'Histoire | |
| 651 | 4 |
_aFrancia- _xHistoria- _y987-1328, Capetos. _9160438 |
|
| 830 | 0 |
_aDe l'Histoire _9193024 |
|
| 852 |
_aES-MaACL _jL-32118 _z.- Donat. herederos de la bibl. de Mª del Pilar Costa Palacín |
||
| 999 |
_c188287 _d188287 |
||